عکس مطا لعہ (ا د بی مضا مين) (Record no. 169660)

MARC details
000 -LEADER
fixed length control field 00646nam a22001937a 4500
005 - DATE AND TIME OF LATEST TRANSACTION
control field 20191128115138.0
010 ## - LCCN (DPL NO)
LC control number UR-10635
020 ## - INTERNATIONAL STANDARD BOOK NUMBER
Terms of availability 166.00
International Standard Book Number 9789388736961
035 ## - SYSTEM CONTROL NUMBER
System control number U-9190
037 ## - SOURCE OF ACQUISITION
Source of stock number/acquisition DBAD/PUB
Stock number -
082 ## - DEWEY DECIMAL CLASSIFICATION NUMBER
Classification number 840.44
100 ## - MAIN ENTRY--PERSONAL NAME
Personal name سہيل ا نجم
245 ## - TITLE STATEMENT
Title عکس مطا لعہ (ا د بی مضا مين)
Statement of responsibility, etc سہيل ا نجم
246 ## - VARYING FORM OF TITLE
Remainder of title Aks-e-Mutala (Urdu)
Title proper/short title by Suhail Anjum
260 ## - PUBLICATION, DISTRIBUTION, ETC. (IMPRINT)
Place of publication, distribution, etc Delhi
Name of publisher, distributor, etc Educational Publishing House
Date of publication, distribution, etc 2019 ء
270 ## - ADDRESS
Address 3191,Vakil Street, Kucha Pandit,Lal Kuan,
City Delhi
Postal code 110006
Telephone number 01123216162
Fax number -
300 ## - PHYSICAL DESCRIPTION
Extent 272 ص
Dimensions 22 Cm(Hb)
942 ## - ADDED ENTRY ELEMENTS (KOHA)
Source of classification or shelving scheme Dewey Decimal Classification
Item type Urdu Bks
Classification part 840.44
Call number suffix س ہ ے
Holdings
Withdrawn status Lost status Not for loan Collection code Home library Current library Date acquired Source of acquisition Cost, normal purchase price Full call number Barcode Copy number Cost, replacement price Koha item type
    Not For Loan Non-fiction D.B.Act.Division D.B.Act.Division 28/11/2019 DBAD/PUB 166.00 840.44 س ہ ے U-9190 1 166.00 Urdu Bks

© Delhi Public Library
Hit Counter
free hit counter